Team ministry between pastors and spouses : (Record no. 25156)

MARC details
000 -LEADER
fixed length control field 00644nam a22001817a 4500
003 - CONTROL NUMBER IDENTIFIER
control field AUA.1
005 - DATE AND TIME OF LATEST TRANSACTION
control field 20251119174724.0
008 - FIXED-LENGTH DATA ELEMENTS--GENERAL INFORMATION
fixed length control field 250702b |||||||| |||| 00| 0 eng d
040 ## - CATALOGING SOURCE
Transcribing agency JTL
100 ## - MAIN ENTRY--PERSONAL NAME
Personal name Sibanda, Linda
245 ## - TITLE STATEMENT
Title Team ministry between pastors and spouses :
Remainder of title A case study of the Seventh-day Adventist Midlands West Zambia Conference /
Statement of responsibility, etc Linda Sibanda.
260 ## - PUBLICATION, DISTRIBUTION, ETC. (IMPRINT)
Date of publication, distribution, etc c2022
300 ## - PHYSICAL DESCRIPTION
Extent xi, 180 leaves :
Other physical details Illustrations :
Dimensions 30cm.
610 ## - SUBJECT ADDED ENTRY--CORPORATE NAME
Corporate name or jurisdiction name as entry element Seventh-day Adventist Church :
Subordinate unit Midlands West Zambia Conference
Geographic subdivision Zambia
650 ## - SUBJECT ADDED ENTRY--TOPICAL TERM
Topical term or geographic name as entry element Clergy
650 ## - SUBJECT ADDED ENTRY--TOPICAL TERM
Topical term or geographic name as entry element Spouses of clergy
942 ## - ADDED ENTRY ELEMENTS (KOHA)
Source of classification or shelving scheme AUA Inhouse Classification
Koha item type Dissertations
Classification part DMin
Item part .S53 2022
Holdings
Withdrawn status Lost status Source of classification or shelving scheme Damaged status Not for loan Collection code Home library Current library Shelving location Date acquired Source of acquisition Cost, normal purchase price Serial Enumeration / chronology Total Checkouts Full call number Barcode Date last seen Cost, replacement price Price effective from Koha item type
    Library of Congress Classification     JTL Research Collection Judith Thomas Library Judith Thomas Library Judith Thomas Library Research Section 02/07/2025 Theological Seminary 25.00 AUA27862   DMin .S53 2022 AUA27862 02/07/2025 25.00 02/07/2025 Dissertations